| 000 | 00341nam a22001337a 4500 | ||
|---|---|---|---|
| 003 | OSt | ||
| 005 | 20220218103000.0 | ||
| 008 | 220218b |||||||| |||| 00| 0 eng d | ||
| 040 | _cH U | ||
| 082 | _a660.283 | ||
| 100 |
_aGizachew Engineer _930830 |
||
| 245 | _aThe Process technology Of Chemical And Allied Industries | ||
| 942 |
_2ddc _cBOOKS _n0 |
||
| 999 |
_c30787 _d30787 |
||